| 000 | 00419nam a2200169 a 4500 | ||
|---|---|---|---|
| 001 | 0000-9255 | ||
| 003 | ELIB.Books | ||
| 008 | 110520 2004 | ||
| 035 | _a(ELIB.Books)0000-9407 | ||
| 082 |
_a232 _bEpp |
||
| 100 | _aEpps, William S. | ||
| 245 | _aWhat did Jesus Say! | ||
| 260 |
_bValley Forge: Judson Press _c2004 |
||
| 650 | _aJesus Christ | ||
| 942 |
_2ddc _cBK |
||
| 998 |
_cbat _e2011-05-20 |
||
| 999 |
_c9255 _d9255 |
||